[Event "Chigorin Memorial 27th"]
[Site "St Petersburg"]
[Date "2019.10.11"]
[Round "7"]
[White "Avazov, Semen"]
[Black "Kuznetsov, Mikhail1"]
[Result "1/2-1/2"]
[WhiteElo "1639"]
[BlackElo "1971"]
[PlyCount "81"]
[EventDate "2019.10.05"]
[EventType "swiss"]
[EventRounds "9"]
[EventCountry "RUS"]
[SourceTitle "EXT 2021"]
[Source "ChessBase"]
[SourceDate "2020.10.23"]
[SourceVersion "1"]
[SourceVersionDate "2020.10.23"]
[SourceQuality "1"]

1. e4 c5 2. Nf3 d6 3. d4 cxd4 4. Nxd4 Nf6 5. Nc3 a6 6. Be3 e5 7. Nb3 Be6 8. f3 h5 9. Be2 Be7 10. Qd2 Nbd7 11. Nd5 Bxd5 12. exd5 Qc7 13. Rc1 a5 14. a4 0-0 15. Bb5 Nc5 16. Bxc5 dxc5 17. c4 e4 18. f4 Ng4 19. 0-0 e3 20. Qe2 Bd6 21. h3 Nh6 22. Qxe3 Nf5 23. Qf3 h4 24. Rce1 Ng3 25. Rf2 f5 26. Nd2 Rf6 27. Re3 g6 28. Re1 Nh5 29. Qc3 Bxf4 30. Nf1 Raf8 31. Rfe2 Bd6 32. Re6 Qd8 33. Re8 Qc7 34. R8e6 b6 35. Bc6 Qg7 36. Qb3 Nf4 37. Re8 R6f7 38. Qc3 Qh6 39. Qd2 Qg5 40. Kh1 Nh5 41. R8e6 1/2-1/2

[Event "St Petersburg Korchnoi Memorial op"]
[Site "St Petersburg"]
[Date "2019.08.22"]
[Round "9"]
[White "Tolstykh, Ivan"]
[Black "Avazov, Semen"]
[Result "1-0"]
[WhiteElo "1437"]
[BlackElo "1651"]
[PlyCount "57"]
[EventDate "2019.08.14"]
[EventType "swiss"]
[EventRounds "9"]
[EventCountry "RUS"]
[SourceTitle "CBM 192"]
[Source "ChessBase"]
[SourceDate "2019.10.31"]
[SourceVersion "1"]
[SourceVersionDate "2019.10.31"]
[SourceQuality "1"]

1. e4 e5 2. Nf3 Nc6 3. Bb5 a6 4. Ba4 Nf6 5. d4 exd4 6. e5 Nd5 7. 0-0 Bc5 8. c3 d3 9. Qxd3 Nde7 10. Bg5 0-0 11. Bc2 g6 12. Nbd2 d5 13. exd6 Qxd6 14. Qe2 Bf5 15. Bxf5 Nxf5 16. Ne4 Qe6 17. Nf6+ Kg7 18. Qxe6 fxe6 19. Nd7 Bxf2+ 20. Rxf2 Rf7 21. Nfe5 Nxe5 22. Nxe5 Rff8 23. g4 Nd6 24. Rxf8 Rxf8 25. Rf1 Rxf1+ 26. Kxf1 h6 27. Bd8 c6 28. Be7 Nc8 29. Bc5 1-0

[Event "St Petersburg Korchnoi Memorial op"]
[Site "St Petersburg"]
[Date "2019.08.18"]
[Round "5"]
[White "Strelkov, Sergey"]
[Black "Avazov, Semen"]
[Result "0-1"]
[WhiteElo "1443"]
[BlackElo "1651"]
[PlyCount "120"]
[EventDate "2019.08.14"]
[EventType "swiss"]
[EventRounds "9"]
[EventCountry "RUS"]
[SourceTitle "CBM 192"]
[Source "ChessBase"]
[SourceDate "2019.10.31"]
[SourceVersion "1"]
[SourceVersionDate "2019.10.31"]
[SourceQuality "1"]

1. e4 e5 2. Bc4 Nf6 3. d4 exd4 4. Nf3 Bc5 5. Bg5 d6 6. 0-0 Bg4 7. c3 dxc3 8. Nxc3 Nbd7 9. Qb3 0-0 10. Nd5 Bxf3 11. Qxf3 Bd4 12. Nxf6+ Bxf6 13. Bxf6 Qxf6 14. Qxf6 Nxf6 15. f3 Rfe8 16. Rac1 c6 17. Rfd1 Rad8 18. Bb3 Re5 19. Rd2 g5 20. Rcd1 d5 21. exd5 Nxd5 22. Kf2 Kg7 23. Rd4 h6 24. R1d2 Kf6 25. g3 a6 26. a4 Re7 27. R4d3 Red7 28. a5 Nb6 29. Rxd7 Rxd7 30. Rc2 Rd3 31. Ba2 Nd7 32. Bc4 Rd6 33. b3 Ne5 34. Be2 Rd5 35. b4 Nd3+ 36. Bxd3 Rxd3 37. Rb2 Ke6 38. Re2+ Kd6 39. g4 Rd4 40. Rb2 Rd5 41. Ke3 Rb5 42. Kd4 c5+ 43. bxc5+ Kc6 44. Re2 Rxa5 45. Re7 Rxc5 46. Rxf7 Rd5+ 47. Ke4 Rd7 48. Rf6+ Rd6 49. Rf8 b5 50. Rc8+ Kd7 51. Rc5 b4 52. Rc4 Rb6 53. Rc1 b3 54. Kd3 b2 55. Rb1 Kd6 56. Kd4 a5 57. Ke4 a4 58. Rd1+ Kc7 59. Rb1 a3 60. Kd3 a2 0-1

[Event "St Petersburg Korchnoi Memorial op"]
[Site "St Petersburg"]
[Date "2019.08.16"]
[Round "3"]
[White "Sabirov, Timur"]
[Black "Avazov, Semen"]
[Result "1-0"]
[WhiteElo "1950"]
[BlackElo "1651"]
[PlyCount "57"]
[EventDate "2019.08.14"]
[EventType "swiss"]
[EventRounds "9"]
[EventCountry "RUS"]
[SourceTitle "CBM 192"]
[Source "ChessBase"]
[SourceDate "2019.10.31"]
[SourceVersion "1"]
[SourceVersionDate "2019.10.31"]
[SourceQuality "1"]

1. d4 d5 2. Nf3 Nf6 3. g3 e6 4. Bg2 Nbd7 5. 0-0 Be7 6. Nbd2 c6 7. c4 a5 8. Qc2 0-0 9. e4 dxe4 10. Nxe4 Nxe4 11. Qxe4 Nf6 12. Qc2 Nd7 13. Rd1 Bd6 14. d5 cxd5 15. cxd5 exd5 16. Rxd5 Nf6 17. Bg5 Qc7 18. Qxc7 Bxc7 19. Bxf6 gxf6 20. Rc1 Be6 21. Rb5 Bd6 22. Nd4 Bxa2 23. Bxb7 Rad8 24. b3 Ba3 25. Rd1 Bb2 26. Bd5 Bxd4 27. Rxd4 Rfe8 28. Rb7 Rf8 29. Rxf7 1-0

[Event "Ulan-Ude Baikal op 13th"]
[Site "Ulan-Ude"]
[Date "2017.07.18"]
[Round "1"]
[White "Avazov, Semen"]
[Black "Ulziikhishigjargal, Ochirkhuyag"]
[Result "1/2-1/2"]
[WhiteElo "1568"]
[BlackElo "1991"]
[PlyCount "60"]
[EventDate "2017.07.18"]
[EventType "swiss"]
[EventRounds "9"]
[EventCountry "RUS"]
[SourceTitle "EXT 2018"]
[Source "ChessBase"]
[SourceDate "2017.10.13"]
[SourceVersion "1"]
[SourceVersionDate "2017.10.13"]
[SourceQuality "1"]

1. e4 e5 2. Nf3 Nc6 3. d4 exd4 4. Nxd4 Nf6 5. Nxc6 bxc6 6. e5 Qe7 7. Qe2 Nd5 8. c4 Ba6 9. b3 g6 10. f4 Bg7 11. Qf2 Nf6 12. Be2 Ne4 13. Qe3 f5 14. Ba3 Qe6 15. Nd2 Nxd2 16. Qxd2 d6 17. Qa5 Qc8 18. 0-0 0-0 19. Rad1 Re8 20. Bf3 Bb7 21. exd6 cxd6 22. Rxd6 c5 23. Bxb7 Qxb7 24. Qxc5 Bf8 25. Qd4 Bxd6 26. Bxd6 Re2 27. Rf2 Rae8 28. Be5 Rxf2 29. Kxf2 h6 30. Qd6 Qb6+ 1/2-1/2